Eastern Utah Libraries Catalog: Duchesne, Heber, Roosevelt, & Vernal

The blacklist. The complete second season. (Record no. 199569)

MARC details
000 -LEADER
fixed length control field 02087cgm a2200517Ii 4500
001 - CONTROL NUMBER
control field ocn913432299
003 - CONTROL NUMBER IDENTIFIER
control field OCoLC
005 - DATE AND TIME OF LATEST TRANSACTION
control field 20251223124554.0
007 - PHYSICAL DESCRIPTION FIXED FIELD--GENERAL INFORMATION
fixed length control field vd cvaizq
008 - FIXED-LENGTH DATA ELEMENTS--GENERAL INFORMATION
fixed length control field 150707p20152014xxu937 vleng d
024 1# - OTHER STANDARD IDENTIFIER
Standard number or code 043396461079
024 1# - OTHER STANDARD IDENTIFIER
Standard number or code 043396464230
028 42 - PUBLISHER NUMBER
Publisher number 46107
Source Columbia
035 ## - SYSTEM CONTROL NUMBER
System control number (OCoLC)913432299
037 ## - SOURCE OF ACQUISITION
Source of stock number/acquisition Midwest Tape
Note http://www.midwesttapes.com
040 ## - CATALOGING SOURCE
Original cataloging agency TEFMT
Language of cataloging eng
Description conventions rda
Transcribing agency TEFMT
Modifying agency TEF
-- OCLCO
-- TEFMT
-- IK2
-- UINTA
041 1# - LANGUAGE CODE
Language code of text/sound track or separate title eng
-- fre
Language code of original and/or intermediate translations of text eng
049 ## - LOCAL HOLDINGS (OCLC)
Holding library UCLB
050 #4 - LIBRARY OF CONGRESS CALL NUMBER
Classification number PN1992.77
Item number .B533 2015
082 04 - DEWEY DECIMAL CLASSIFICATION NUMBER
Classification number 791.45/75
Edition number 23
092 ## - LOCALLY ASSIGNED DEWEY CALL NUMBER (OCLC)
Item number DVD
245 04 - TITLE STATEMENT
Title The blacklist. The complete second season.
264 #1 - Production, Publication, Distribution, Manufacture, and Copyright Notice.
Place of production, publication, distribution, manufacture Culver City, CA :
Name of producer, publisher, distributor, manufacturer Sony Pictures Home Entertainment,
Date of production, publication, distribution, manufacture, or copyr [2015]
300 ## - PHYSICAL DESCRIPTION
Extent 5 videodiscs (937 min.) :
Other physical details sound, color ;
Dimensions 4 3/4 in.
336 ## - Content Type
Content type term two-dimensional moving image
337 ## - Media type
Media type term video
338 ## - Carrier type
Carrier type term videodisc
500 ## - GENERAL NOTE
General note Title from web page.
500 ## - GENERAL NOTE
General note Originally broadcast in 2014.
511 1# - PARTICIPANT OR PERFORMER NOTE
Participant or performer note James Spader, Megan Boone, Diego Klattenhoff, Harry Lennix.
520 ## - SUMMARY, ETC.
Summary, etc On Liz Keen's first day, Raymond Reddington walks into the FBI insisting to talk to her. Reddington is also on the FBI's Top Ten Most Wanted list.
521 8# - TARGET AUDIENCE NOTE
Target audience note Rating: TV14.
538 ## - SYSTEM DETAILS NOTE
System details note DVD, NTSC, region 1, anamorphic widescreen presentation; Dolby Digital 5.1.
546 ## - LANGUAGE NOTE
Language note English or French dialogue; English or French subtitles; closed-captioned.
610 10 - SUBJECT ADDED ENTRY--CORPORATE NAME
Corporate name or jurisdiction name as entry element United States.
Subordinate unit Federal Bureau of Investigation
General subdivision Employees
Form subdivision Drama.
9 (RLIN) 6454701
650 #0 - SUBJECT ADDED ENTRY--TOPICAL TERM
Topical term or geographic name as entry element Criminals
Form subdivision Drama.
9 (RLIN) 5748142
650 #0 - SUBJECT ADDED ENTRY--TOPICAL TERM
Topical term or geographic name as entry element Fugitives from justice
Form subdivision Drama.
9 (RLIN) 5729600
655 #7 - INDEX TERM--GENRE/FORM
Genre/form data or focus term Television series.
Source of term lcgft
655 #7 - INDEX TERM--GENRE/FORM
Genre/form data or focus term Fiction television programs.
Source of term lcgft
9 (RLIN) 5673656
655 #7 - INDEX TERM--GENRE/FORM
Genre/form data or focus term Video recordings for the hearing impaired.
Source of term lcgft
700 1# - ADDED ENTRY--PERSONAL NAME
Personal name Boone, Megan,
Dates associated with a name 1983-
Relator term actor.
9 (RLIN) 6278017
700 1# - ADDED ENTRY--PERSONAL NAME
Personal name Spader, James,
Relator term actor.
9 (RLIN) 38768
700 1# - ADDED ENTRY--PERSONAL NAME
Personal name Klattenhoff, Diego,
Relator term actor.
9 (RLIN) 5778788
710 2# - ADDED ENTRY--CORPORATE NAME
Corporate name or jurisdiction name as entry element Sony Pictures Home Entertainment (Firm),
Relator term publisher.
9 (RLIN) 71947
942 ## - ADDED ENTRY ELEMENTS (KOHA)
Source of classification or shelving scheme Dewey Decimal Classification
Koha item type DVD
Holdings
Withdrawn status Lost status Source of classification or shelving scheme Materials specified (bound volume or other part) Damaged status Not for loan Collection code Home library Current library Shelving location Date acquired Source of acquisition Serial Enumeration / chronology Total Checkouts Total Renewals Full call number Barcode Date last seen Date checked out Cost, replacement price Price effective from Koha item type
    Dewey Decimal Classification 5 discs     Television Series Wasatch County Library Wasatch County Library Audio Visual Area 12/19/2023 Amazon Season 2 - Blacklist 1 2 TV Series Blacklist #2 34301002060392 03/12/2025 02/21/2025 10.00 12/19/2023 DVD Series
This project was made possible through a grant from the Institute of Museum and Library Service administered by the Utah State Library Division.

Wasatch County Library

  • 465 East 1200 South, Heber City, Utah 84032
  • Phone 435-654-1511 | Fax 435-654-6456

Hours

  • Monday - Friday 9:30 AM - 8:00 PM
  • Saturday 9:30 AM - 1:30 PM
  • Closed Sundays and Holidays